000 00311nam a22001457a 4500
008 210429b ||||| |||| 00| 0 eng d
020 _a2900132541717
041 _aeng
080 _a37
082 _a37
100 _a46
101 _aEDU
245 _aKeys to Success Quick
_cCarol Carter
942 _2udc
_cBK
999 _c57030
_d57030